[Event "European Blitz-ch 2018"]
[Site "Skopje"]
[Date "2018.12.06"]
[Round "9"]
[White "Uruci, Besim"]
[Black "Jankovic, Alojzije"]
[Result "0-1"]
[WhiteElo "2137"]
[BlackElo "2557"]
[Annotator "TA"]
[PlyCount "60"]
[EventDate "2018.12.06"]
[EventType "swiss"]
[EventCountry "MKD"]

{[%evp 10,60,19,0,28,0,0,-12,6,-12,-14,-26,-21,-22,-25,-27,-18,-24,-26,-41,-42,-49,-38,-52,0,-54,0,-77,-76,-87,-89,-124,-47,-114,-38,-35,-28,-22,-20,-29,-32,-60,-52,-78,-81,-84,-78,-89,-91,-777,-784,-771,-772]} 1. d4 Nf6 2. Nf3 g6 3. g3 c6 4. Bg2 d5 5. O-O Bg7 6. Bf4 {LiveBook: 28 Games. D02: 1 d4 d5 2 Nf3 sidelines, including 2...Nf6 3 g3 and 2...Nf6 3 Bf4} h6 $146 ({Predecessor:} 6... O-O 7. Qc1 Bg4 8. Nbd2 Nh5 9. Bg5 f6 10. Be3 e5 11. h3 Be6 12. g4 Nf4 13. Bxf4 exf4 14. Nb3 Qc7 15. Nc5 {0-1 (46) Eljanov,P (2723)-Navara,D (2724) Biel 2015}) 7. Ne5 O-O 8. Nd2 {[%cal Bb1d2,Bd2f3,Bf3e5][%mdl 32] The position is equal.} Nbd7 9. Nxd7 Nxd7 10. c3 e5 11. dxe5 Nxe5 12. Nf3 Nc4 13. b3 Nd6 14. Be5 Bxe5 15. Nxe5 Qf6 16. f4 $1 Re8 (16... Qe7 $15) 17. Qd4 ({Better is} 17. e3 $11) 17... Qg7 (17... Qe7 $15) 18. c4 (18. Qc5 $11 {remains equal.} Nf5 19. e4 dxe4 20. Bxe4) 18... f6 19. Nd3 Nf5 ({Of course not} 19... Rxe2 $6 20. cxd5 Nf5 21. Qc5 $11) 20. Qf2 Ne3 (20... d4 $17 21. Rfc1 Ne3) 21. Rfc1 (21. cxd5 $15 cxd5 22. Rfc1) 21... Bf5 (21... d4 $17 22. Bf3 Bf5) 22. cxd5 $15 Nxg2 23. Qxg2 Be4 $36 {[%mdl 2048] Black fights for an advantage.} 24. Qf2 Bxd5 25. Nb4 Be4 26. Rd1 Qe7 27. Nd3 Bd5 28. Rd2 Qe4 {[%csl Gd5][%cal Re4h1]} 29. Qf3 $2 {[%mdl 8192]} (29. Kf1 $17) 29... Qd4+ $19 {[%mdl 64] [#] Double Attack} 30. Qf2 Qxa1+ {Accuracy: White = 22%, Black = 45%.} 0-1